<?xml version="1.0" encoding="UTF-8"?>
<collection xmlns="http://www.loc.gov/MARC21/slim">
<record>
  <controlfield tag="001">7045</controlfield>
  <datafield tag="036" ind1=" " ind2=" ">
    <subfield code="a">VacavilleCityDirectory1950</subfield>
  </datafield>
  <datafield tag="038" ind1=" " ind2=" ">
    <subfield code="a">vacavillecitydirectory1950</subfield>
  </datafield>
  <datafield tag="041" ind1=" " ind2=" ">
    <subfield code="a">eng</subfield>
  </datafield>
  <datafield tag="100" ind1=" " ind2=" ">
    <subfield code="a">Smythe</subfield>
  </datafield>
  <datafield tag="245" ind1=" " ind2=" ">
    <subfield code="a">City and Rural Directory of Vacaville 1950</subfield>
  </datafield>
  <datafield tag="260" ind1=" " ind2=" ">
    <subfield code="c">1950</subfield>
  </datafield>
  <datafield tag="520" ind1=" " ind2=" ">
    <subfield code="a">Smythe City and Rural Directory of Vacaville compiled May 1950.  Items in this directory include: History of Vacaville, Personal Telephone List, City Residents, Rural Map, Map of Vacaville, Elmira List, Rural Route, Organizations Directory, and a Church Directory.</subfield>
  </datafield>
  <datafield tag="856" ind1="0" ind2=" ">
    <subfield code="f">vacahc@gmail.com</subfield>
  </datafield>
  <datafield tag="980" ind1=" " ind2=" ">
    <subfield code="a">25448756726</subfield>
  </datafield>
  <datafield tag="650" ind1="1" ind2="7">
    <subfield code="2">CaVaHC</subfield>
    <subfield code="a">Publication/Brochures</subfield>
  </datafield>
  <datafield tag="300" ind1=" " ind2=" ">
    <subfield code="a">36</subfield>
  </datafield>
</record>
</collection>